[Event "Sivas op 1st"]
[Site "Sivas"]
[Date "2019.08.24"]
[Round "9"]
[White "Gur, Tuba"]
[Black "Ciblakbas, Sertan"]
[Result "1-0"]
[WhiteElo "1775"]
[BlackElo "1720"]
[PlyCount "49"]
[EventDate "2019.08.19"]
[EventType "swiss"]
[EventRounds "9"]
[EventCountry "TUR"]
[SourceTitle "EXT 2020"]
[Source "ChessBase"]
[SourceDate "2019.10.17"]
[SourceVersion "1"]
[SourceVersionDate "2019.10.17"]
[SourceQuality "1"]

1. d4 Nf6 2. Nf3 e6 3. e3 d5 4. Bd3 c5 5. 0-0 Nc6 6. b3 Bd6 7. Bb2 0-0 8. a3 b6 9. Ne5 Bb7 10. f4 Ne7 11. Nd2 Ne4 12. Nxe4 dxe4 13. Bc4 Bxe5 14. dxe5 Qxd1 15. Rfxd1 Rad8 16. Kf2 h5 17. Be2 g6 18. b4 Nf5 19. Bc3 c4 20. b5 Rxd1 21. Rxd1 Bd5 22. Bb4 Rc8 23. g4 hxg4 24. Bxg4 Ng7 25. Rxd5 1-0

[Event "TUR-chT2"]
[Site "Konya"]
[Date "2018.07.15"]
[Round "9.1"]
[White "Mercanli, Abdullah Gokturk"]
[Black "Ciblakbas, Sertan"]
[Result "1/2-1/2"]
[WhiteElo "1462"]
[BlackElo "1698"]
[PlyCount "62"]
[EventDate "2018.07.10"]
[EventType "team-swiss"]
[EventRounds "9"]
[EventCountry "TUR"]
[SourceTitle "EXT 2019"]
[Source "ChessBase"]
[SourceDate "2018.10.10"]
[SourceVersion "1"]
[SourceVersionDate "2018.10.10"]
[SourceQuality "1"]
[WhiteTeam "Mercan Egitim"]
[BlackTeam "Beyazkale Dernegi"]
[WhiteTeamCountry "TUR"]
[BlackTeamCountry "TUR"]

1. d4 d5 2. c4 c6 3. cxd5 cxd5 4. Nc3 Nc6 5. Nf3 Nf6 6. Bg5 Bg4 7. e3 e6 8. Be2 Be7 9. h3 Bxf3 10. Bxf3 h6 11. Bxf6 Bxf6 12. 0-0 0-0 13. Qc2 Qc8 14. a3 a6 15. Rac1 Ne7 16. Ne2 Qxc2 17. Rxc2 Rac8 18. Rfc1 Rxc2 19. Rxc2 Rc8 20. Rxc8+ Nxc8 21. Kf1 Kf8 22. Nc1 b5 23. b4 Ke7 24. Na2 Kd7 25. Ke2 g5 26. g4 Kd6 27. Kd3 Bd8 28. Nc3 Bb6 29. Bd1 f6 30. f3 Kc6 31. Bb3 Kd6 1/2-1/2

[Event "Kahramanmaras op 9th"]
[Site "Kahramanmaras"]
[Date "2018.04.07"]
[Round "8"]
[White "Bagirova, Khatun"]
[Black "Ciblakbas, Sertan"]
[Result "1-0"]
[WhiteElo "1865"]
[BlackElo "1686"]
[PlyCount "61"]
[EventDate "2018.04.03"]
[EventType "swiss"]
[EventRounds "9"]
[EventCountry "TUR"]
[SourceTitle "CBM 183 Extra"]
[Source "ChessBase"]
[SourceDate "2018.04.19"]
[SourceVersion "1"]
[SourceVersionDate "2018.04.19"]
[SourceQuality "1"]

1. e4 e5 2. Nf3 Nc6 3. Bc4 Bc5 4. c3 Nf6 5. d4 exd4 6. cxd4 Bb4+ 7. Nc3 Nxe4 8. 0-0 Bxc3 9. d5 Bf6 10. Re1 0-0 11. Rxe4 Ne7 12. Bg5 Nf5 13. Bxf6 Qxf6 14. Qc2 Nd6 15. Rh4 g6 16. Bd3 c6 17. Qd2 Ne8 18. Ng5 h5 19. g4 Qd4 20. Nh7 Ng7 21. Nxf8 Kxf8 22. Rd1 Qf6 23. g5 Qd6 24. Be4 c5 25. Rf4 Qe5 26. h4 Kg8 27. Re1 Qc7 28. d6 Qd8 29. Bxg6 fxg6 30. Re7 Ne6 31. Rf6 1-0

[Event "TUR-chT 2nd League"]
[Site "Konya"]
[Date "2017.07.17"]
[Round "1.15"]
[White "Tofan, Ismail"]
[Black "Ciblakbas, Sertan"]
[Result "0-1"]
[WhiteElo "1747"]
[BlackElo "1623"]
[PlyCount "23"]
[EventDate "2017.07.17"]
[EventType "team-swiss"]
[EventRounds "9"]
[EventCountry "TUR"]
[SourceTitle "CBM 179 Extra"]
[Source "ChessBase"]
[SourceDate "2017.08.23"]
[SourceVersion "1"]
[SourceVersionDate "2017.08.23"]
[SourceQuality "1"]
[WhiteTeam "Mardin Kale"]
[BlackTeam "Kahramanmaras Ustad"]
[WhiteTeamCountry "TUR"]
[BlackTeamCountry "TUR"]

1. Nf3 d5 2. d4 Nf6 3. b3 Bf5 4. e3 e6 5. Be2 Bb4+ 6. Bd2 Bd6 7. c4 c6 8. c5 Be7 9. b4 Ne4 10. a4 Nd7 11. h3 a5 12. b5 0-1

[Event "Hatay op 7th"]
[Site "Hatay"]
[Date "2016.08.27"]
[Round "1"]
[White "Aliyev, Elnur Fakhraddin Og"]
[Black "Ciblakbas, Sertan"]
[Result "1-0"]
[WhiteElo "2081"]
[BlackElo "1546"]
[PlyCount "127"]
[EventDate "2016.08.27"]
[EventType "swiss"]
[EventRounds "9"]
[EventCountry "TUR"]
[SourceTitle "CBM 174 Extra"]
[Source "ChessBase"]
[SourceDate "2016.10.10"]
[SourceVersion "1"]
[SourceVersionDate "2016.10.10"]
[SourceQuality "1"]

1. c4 e5 2. Nc3 Nf6 3. Nf3 Nc6 4. g3 Bc5 5. Bg2 d6 6. 0-0 0-0 7. d3 h6 8. a3 a6 9. b4 Ba7 10. e3 Ne7 11. Bb2 Ng6 12. d4 Bg4 13. h3 Bxf3 14. Bxf3 c6 15. dxe5 Nxe5 16. Be2 Qd7 17. Kh2 Qe6 18. Na4 b5 19. cxb5 cxb5 20. Nc3 Rfd8 21. Bf3 d5 22. Nb1 Nxf3+ 23. Qxf3 Ne4 24. Rd1 Rac8 25. Nd2 Rc2 26. Nxe4 Rxb2 27. Rd3 Re8 28. Nc5 Bxc5 29. bxc5 Rc2 30. Rad1 Rxc5 31. Rxd5 Rxd5 32. Qxd5 Qxd5 33. Rxd5 Re6 34. Rd8+ Kh7 35. Ra8 Kg6 36. Ra7 f5 37. h4 Kf6 38. h5 Rc6 39. Kg2 Rd6 40. Kf3 Rc6 41. Rb7 Re6 42. Ke2 Re7 43. Rb6+ Re6 44. Rb8 Rd6 45. Rb7 Rc6 46. Ra7 Rd6 47. f4 Rc6 48. Kf3 Re6 49. Rb7 Re4 50. g4 Ra4 51. g5+ hxg5 52. Rb6+ Kf7 53. fxg5 Rxa3 54. Rb7+ Kf8 55. g6 Ra4 56. Rb8+ Ke7 57. h6 gxh6 58. g7 Rg4 59. g8Q Rxg8 60. Rxg8 b4 61. Rb8 a5 62. Rb5 Kd6 63. Rxa5 Kc6 64. Rxf5 1-0